Termodynamika

Gespeichert in:
Bibliographische Detailangaben
1. Verfasser: Kvasnica, Jozef (Verfasst von)
Format: Buch
Sprache:Tschechisch
Veröffentlicht: Praha : SNTL, 1965
Tags: Tag hinzufügen
Keine Tags, Fügen Sie das erste Tag hinzu!

MARC

LEADER 00000nam a22000003a 4500
001 stu33583
005 20150617225657.8
008 981103s1965------------------------cze-d
040 |a STU  |b slo 
041 0 |a cze 
100 1 |a Kvasnica, Jozef  |4 aut 
245 1 |a Termodynamika 
260 |a Praha :  |b SNTL,  |c 1965 
300 |a 394 s 
996 |b 284EK06702  |c E*30347  |l EE01  |s A  |a 24  |w stu33583_0001